000 00684nam a2200229 a 4500
999 _c1480
_d1480
001 1480
003 BD-JhCC
005 20220811134024.0
008 171019s1981 bg a|||| ||a| 000 0 ben d
035 _a(BD-JhCC)1480
040 _aBD-JhCC
_dBD-JhCC
041 _aben
082 _a891.4415
_bFOR 1981
100 _aফ্রস্টের, রবার্ট
245 _aনির্বাচিত কবিতা /
_cরবার্ট ফ্রস্টের,
250 _a2dn Edi.
260 _aঢাকা :
_bখোশরোশ কিতাব মহল,
_c1981
300 _a186 p. :
_c22 cm.
650 _aBengali Poetry
942 _2ddc
_cBK
_06